[Event "Buenos Aires ol (Men)"]
[Site "Buenos Aires"]
[Date "1978.??.??"]
[Round "?"]
[White "Grinberg, Ricardo"]
[Black "Duer, Arne"]
[Result "0-1"]
[WhiteElo "2405"]
[BlackElo "2365"]

1.e4 c5 2.Nf3 e6 3.d4 cxd4 4.Nxd4 Nc6 5.Nb5 d6 6.c4 Nf6 7.N1c3 a6 8.Na3 Be7
9.Be2 O-O 10.O-O b6 11.Be3 Bb7 12.f3 Re8 13.Nc2 d5 14.exd5 exd5 15.Na4 Bd6
16.Bf2 Bc7 17.c5 bxc5 18.Nxc5 Qd6 19.g3 Bc8 20.Nb3 h5 21.Qd2 h4 22.Rfe1 Nh5
23.f4 Nf6 24.Bf3 Bf5 25.Ne3 hxg3 26.hxg3 Be4 27.Bxe4 Rxe4 28.Rad1 Rd8 29.Nf5 Qe6
30.Nfd4 Nxd4 31.Bxd4 Re8 32.Rxe4 Nxe4 33.Qg2 Qg4 34.Re1 Re6 35.Rc1 Nxg3 36.Rxc7 Re1+
37.Kh2 Qh4+  0-1

[Event "Wch U20"]
[Site "Graz"]
[Date "1978.??.??"]
[Round "6"]
[White "Santo Roman, Marc"]
[Black "Morovic Fernandez, Ivan"]
[Result "1-0"]
[WhiteElo "2200"]
[BlackElo "2200"]

1.e4 c5 2.Nf3 e6 3.d4 cxd4 4.Nxd4 Nc6 5.Nb5 d6 6.c4 Nf6 7.N5c3 Be7 8.Be2 O-O
9.O-O b6 10.Be3 Bb7 11.a3 Rc8 12.Nd2 Ne5 13.f4 Ng6 14.Qa4 a6 15.Rfd1 Qc7
16.Rac1 Rfd8 17.g3 Nd7 18.b4 Bc6 19.Qb3 Qb8 20.Bf3 b5 21.Be2 Nf6 22.Qb1 h5
23.Kf1 h4 24.cxb5 axb5 25.Qd3 hxg3 26.hxg3 Qa8 27.Ra1 Rd7 28.a4 bxa4 29.b5 Bb7
30.Rxa4 Qb8 31.b6 Bc6 32.Ra2 Rcd8 33.Nb3 d5 34.e5 Ne4 35.Bd4 f6 36.Bg4 Kf7
37.Nxe4 dxe4 38.Qe3 f5 39.Be2 Bd5 40.Ra4 Re8  1-0

[Event "Marshall op"]
[Site "New York"]
[Date "1979.??.??"]
[Round "5"]
[White "Morris, Walter D"]
[Black "Ostojic, Predrag"]
[Result "1-0"]
[WhiteElo "2345"]
[BlackElo "2410"]

1.e4 c5 2.Nf3 e6 3.d4 cxd4 4.Nxd4 Nc6 5.Nb5 d6 6.c4 Nf6 7.N1c3 a6 8.Na3 Be7
9.Be2 O-O 10.O-O b6 11.Be3 Bb7 12.Qb3 Nd7 13.Rfd1 Rb8 14.Rac1 Nc5 15.Qc2 Qc7
16.Nab1 Rbc8 17.a3 Qb8 18.b4 Nd7 19.Qb3 Rfd8 20.Rc2 Na7 21.Rcd2 Qc7 22.a4 Nc6
23.f3 Qb8 24.Na3 a5 25.bxa5 bxa5 26.Nab5 Nc5 27.Qa3 Nb4 28.Bf4 e5 29.Be3 Bc6
30.Nd5 Bxd5 31.cxd5 Rd7 32.g3 Bd8 33.Bf1 Bb6 34.Bh3 Rdd8 35.Bxc8 Rxc8 36.Bxc5 Bxc5+
37.Kh1 Nxd5 38.Qb3 Nf6 39.Qa2 Rc6 40.Qc4 Qf8 41.Nxd6 Rxd6 42.Qxc5 Rxd2 43.Qxf8+ Kxf8
44.Rxd2 Ke7 45.Rb2  1-0

[Event "URS Spartakiad"]
[Site "URS"]
[Date "1979.??.??"]
[Round "?"]
[White "Gufeld, Eduard"]
[Black "Taimanov, Mark E"]
[Result "1/2-1/2"]
[WhiteElo "2530"]
[BlackElo "2510"]

1.e4 c5 2.Nf3 Nc6 3.d4 cxd4 4.Nxd4 e6 5.Nb5 d6 6.c4 a6 7.N5c3 Nf6 8.Be2 Be7
9.O-O O-O 10.Be3 Bd7 11.Nd2 b6 12.Rc1 Qb8 13.Kh1 Rc8 14.a3 Na7 15.Qb3 Bd8
16.Rfd1 Bc6 17.f3 Qb7 18.Nf1 Ne8 19.Bd4 Rab8 20.Qa2 b5 21.cxb5 Nxb5 22.Nxb5 Bxb5
23.Bxb5 Qxb5 24.b4 Bg5 25.Be3 Bf6 26.Rc2 a5 27.bxa5 Rxc2 28.Qxc2 Qxa5 29.Bc1 Ra8
30.Ne3 Qa4 31.Qxa4 Rxa4  1/2-1/2

[Event "URS Spartakiad"]
[Site "URS"]
[Date "1979.??.??"]
[Round "?"]
[White "Gipslis, Aivars"]
[Black "Averkin, Orest N"]
[Result "1/2-1/2"]
[WhiteElo "2525"]
[BlackElo "2455"]

1.e4 c5 2.Nf3 e6 3.d4 cxd4 4.Nxd4 Nc6 5.Nb5 d6 6.c4 Nf6 7.N5c3 Be7 8.Be2 O-O
9.O-O b6 10.Bf4 Bb7 11.Nd2 Rc8 12.Rc1 Qd7 13.Re1 Rfd8 14.a3 Ne8 15.Bf1 Bf6
16.Bg3 Ne5 17.Qe2 Ba6 18.b3 Ng6 19.Qe3 Bb7 20.Nf3 Bxc3 21.Rxc3 Nf6 22.Nd2 Nh5
23.Rec1 Nxg3 24.hxg3 d5 25.cxd5 Rxc3 26.Rxc3 exd5 27.exd5 Bxd5 28.Rd3 Qc7
29.Nc4 Be6  1/2-1/2

[Event "URS Spartakiad"]
[Site "URS"]
[Date "1979.??.??"]
[Round "?"]
[White "Zivaeva, Tatiana"]
[Black "Fomina, Tatyana"]
[Result "0-1"]
[WhiteElo "2000"]
[BlackElo "2150"]

1.e4 c5 2.Nf3 e6 3.d4 cxd4 4.Nxd4 Nc6 5.Nb5 d6 6.c4 Nf6 7.N1c3 Be7 8.Be2 O-O
9.O-O a6 10.Nd4 Qc7 11.b3 Rd8 12.Bb2 Ne8 13.Rc1 Bf6 14.Nxc6 bxc6 15.Qd2 Bb7
16.Bf3 c5 17.Rfd1 Bc6 18.Qe2 Qb7 19.Rd3 a5 20.Na4 Bxb2 21.Nxb2 e5 22.Rcd1 f5
23.Re3 f4 24.Red3 Rd7 25.Bg4 Re7 26.f3 g6 27.Bh3 h5 28.Qf2 g5 29.Bf5 Rg7
30.Be6+ Kh8 31.Bd5 Bxd5 32.Rxd5 Qe7 33.Kf1 g4 34.Ke2 g3 35.hxg3 Rxg3 36.Rh1 h4
37.Rdd1 Nc7 38.Rh2 Kg7 39.Rdh1 Rh8 40.Rh3 Ne6 41.Rxg3+ fxg3 42.Qg1  0-1

[Event "Baerum"]
[Site "Baerum"]
[Date "1980.??.??"]
[Round "3"]
[White "Morris, Walter D"]
[Black "Ogaard, Leif"]
[Result "0-1"]
[WhiteElo "2380"]
[BlackElo "2445"]

1.e4 c5 2.Nf3 e6 3.d4 cxd4 4.Nxd4 Nc6 5.Nb5 d6 6.c4 Nf6 7.N1c3 a6 8.Na3 Be7
9.Be2 O-O 10.O-O Qa5 11.Be3 Rd8 12.Qe1 Bd7 13.f4 Be8 14.Qf2 Nd7 15.Rac1 Nc5
16.Nab1 Nb4 17.Qg3 Nxa2 18.Nxa2 Qxa2 19.Nc3 Qa5 20.f5 Bf6 21.fxe6 Bxc3 22.exf7+ Bxf7
23.bxc3 Nxe4 24.Qh4 Re8 25.Rxf7 Kxf7 26.Qxh7 Nf6 27.Rf1 Qxc3 28.Bh5+ Ke6
29.Qf5+ Ke7 30.Bg5 Rh8 31.Bg4 Qd4+ 32.Kh1 Qe5 33.Qd7+ Kf8 34.Bf4 Nxd7 35.Bxe5+ Ke7
36.Bxg7 Rhg8 37.Re1+ Kd8 38.Bxd7 Kxd7  0-1

[Event "Baerum"]
[Site "Baerum"]
[Date "1980.??.??"]
[Round "6"]
[White "Morris, Walter D"]
[Black "Cramling, Dan"]
[Result "1/2-1/2"]
[WhiteElo "2380"]
[BlackElo "2330"]

1.e4 c5 2.Nf3 Nc6 3.d4 cxd4 4.Nxd4 e6 5.Nb5 Nf6 6.N1c3 d6 7.Bf4 e5 8.Bg5 a6
9.Na3 b5 10.Bxf6 gxf6 11.Nd5 f5 12.Bd3 Be6 13.Qh5 Rg8 14.O-O-O Rc8 15.Kb1 h6
16.Qe2 b4 17.Bxa6 bxa3 18.Bxc8 Bxc8 19.exf5 Bxf5 20.Qf3 Qb8 21.Qxa3 Be7  1/2-1/2

[Event "Baerum"]
[Site "Baerum"]
[Date "1980.??.??"]
[Round "8"]
[White "Morris, Walter D"]
[Black "Johnsen, O."]
[Result "1-0"]
[WhiteElo "2380"]
[BlackElo "2260"]

1.e4 c5 2.Nf3 e6 3.d4 cxd4 4.Nxd4 Nc6 5.Nb5 d6 6.c4 Nf6 7.N1c3 a6 8.Na3 Be7
9.Be2 O-O 10.O-O b6 11.Be3 Nd7 12.Rc1 Nc5 13.Nab1 Bf6 14.a3 a5 15.Rc2 Ra7
16.Rd2 Rd7 17.Qc2 Bb7 18.Rfd1 Qb8 19.Nb5 Rfd8 20.N1c3 Ne7 21.b4 axb4 22.axb4 Bxc3
23.Nxc3 Na6 24.Qa4 Qc7 25.c5 bxc5 26.Bxa6 cxb4 27.Nb5 Qc6 28.Bxb7  1-0

[Event "COL-ch"]
[Site "Bogota"]
[Date "1980.??.??"]
[Round "?"]
[White "Gutierrez, Jose Antonio"]
[Black "Martinez, Cristian"]
[Result "0-1"]
[WhiteElo "2330"]
[BlackElo "2310"]

1.e4 c5 2.Nf3 e6 3.d4 cxd4 4.Nxd4 Nc6 5.Nb5 d6 6.c4 Nf6 7.N5c3 Be7 8.Be2 O-O
9.Be3 b6 10.O-O Bb7 11.Nd2 Rc8 12.Qa4 Qc7 13.Rac1 Qb8 14.f4 Rfd8 15.a3 Nd7
16.Rfd1 Bf6 17.Nf3 Nc5 18.Bxc5 bxc5 19.Bd3 Nd4 20.Nd2 Bc6 21.Qa5 Rd7 22.Nb5 Bd8
23.Qa6 Rb7 24.Nxd4 cxd4 25.c5 dxc5 26.Rxc5 Rb6 27.Qc4 Be7 28.b4 Bxc5 29.bxc5 Rb2
30.Qxd4 Rd8 31.Qe3 Bb5 32.Nf1 Rb3 33.c6 Rbxd3 34.Rxd3 Rxd3  0-1

[Event "Bydgoszcz (Women)"]
[Site "Bydgoszcz"]
[Date "1980.??.??"]
[Round "?"]
[White "Savereide, Diane"]
[Black "Crotto, Rachel"]
[Result "1-0"]
[WhiteElo "2140"]
[BlackElo "2115"]

1.e4 c5 2.Nf3 e6 3.d4 cxd4 4.Nxd4 Nc6 5.Nb5 d6 6.c4 Nf6 7.N1c3 a6 8.Na3 Be7
9.Be2 O-O 10.O-O b6 11.Be3 Qc7 12.Rc1 Ne5 13.f3 Bb7 14.Qd4 Ned7 15.Kh1 Rac8
16.Rfd1 Rfe8 17.Bf1 Nc5 18.Nab1 Qb8 19.b4 Ncd7 20.a3 Bc6 21.Nd2 Bd8 22.Nb3 Bc7
23.Bf2 Qa8 24.a4 d5 25.cxd5 exd5 26.exd5 Be5 27.Qd3 Bb7 28.Nd4 Rxc3 29.Qxc3 Nxd5
30.Qb3 Bf4 31.Rb1 Qb8 32.Bc4 Re5 33.Ne2 Bxh2 34.Bxd5 Rxe2 35.Bxf7+ Kh8 36.Rxd7 Rxf2
37.Re1 Bc7  1-0

[Event "Malta ol (Women)"]
[Site "La Valetta"]
[Date "1980.??.??"]
[Round "?"]
[White "Liu Shilan"]
[Black "Glaz, Lena"]
[Result "0-1"]
[WhiteElo "2000"]
[BlackElo "2000"]

1.e4 c5 2.Nf3 e6 3.d4 cxd4 4.Nxd4 Nc6 5.Nb5 d6 6.c4 Nf6 7.N1c3 a6 8.Na3 Be7
9.Be2 O-O 10.O-O b6 11.Be3 Bb7 12.Rc1 Nd7 13.Qd2 Nc5 14.f3 Qb8 15.Nc2 Rd8
16.Rfd1 Na7 17.Nd4 Qc7 18.Qe1 Rac8 19.Qg3 Nc6 20.Bf1 Nxd4 21.Bxd4 Bf8 22.Rc2 Nd7
23.Rcd2 Ne5 24.b3 Nd7 25.Qf2 Rb8 26.Ne2 Rbc8 27.Ng3 Nc5 28.Nh5 Kh8 29.Qh4 Re8
30.b4 Nd7 31.Bb2 e5 32.a3 Be7 33.Qf2 g6 34.Ng3 Kg8 35.Be2 a5 36.Kh1 axb4
37.axb4 Bf8 38.Nf1 Ba6 39.Ne3 Bb7 40.Bd3 Nf6 41.Be2 Bc6 42.Bd3 Ra8 43.Nd5 Nxd5
44.cxd5 Bd7 45.Rc1 Qb8 46.Rdd1 Bh6 47.Ra1 Qc7 48.Qe2 Rec8 49.Re1 Rxa1 50.Rxa1 Bg5
51.g3 Bh6 52.Kg2 Qb8 53.Qf2 Rc7 54.Ra6 b5 55.Rxd6 Bg7 56.Rb6 Qa7 57.Bxb5 Bxb5
58.Rxb5 Qxf2+ 59.Kxf2 Rc2+ 60.Ke3 Bh6+ 61.f4 Rxb2 62.d6 exf4+ 63.gxf4 Rb3+
64.Kd4 Rb1 65.Kc5 Bxf4 66.Rb8+ Kg7 67.d7 Rc1+ 68.Kb5 Bg5 69.d8=Q Bxd8 70.Rxd8 Kf6
71.Rd5 Re1 72.e5+ Ke6 73.Rc5 Rb1 74.Ka5 Ra1+ 75.Kb6 Kd7 76.b5 h5 77.Rd5+ Kc8
78.Kc6 Ra7  0-1

[Event "Malta ol (Men)"]
[Site "La Valetta"]
[Date "1980.??.??"]
[Round "?"]
[White "Rodriguez, Amador"]
[Black "Schmidt, Wlodzimierz"]
[Result "0-1"]
[WhiteElo "2420"]
[BlackElo "2430"]

1.e4 c5 2.Nf3 e6 3.d4 cxd4 4.Nxd4 Nc6 5.Nb5 d6 6.c4 Nf6 7.N5c3 Be7 8.Be2 O-O
9.O-O b6 10.Bf4 Bb7 11.Re1 Qd7 12.Nd2 Rfd8 13.Rc1 Rac8 14.a3 Ne8 15.Bg3 Ne5
16.f4 Ng6 17.Bd3 Bh4 18.Bxh4 Nxh4 19.Qe2 Ng6 20.Qf2 Nf6 21.b4 Qe7 22.h3 Nh5
23.g3 Nf6 24.Kh2 Bc6 25.Nd5 exd5 26.exd5 Qb7 27.dxc6 Qxc6 28.Ne4 d5 29.b5 Nxe4
30.Bxe4 Qd6 31.Bxd5 Ne7 32.Bg2 Rc7 33.Rc3 h5 34.h4 Nf5 35.Bc6 Re7 36.Kg2 Qf6
37.Rec1 Nd4 38.Bf3 Rde8 39.Kf1 Nxf3 40.Qxf3 Qf5 41.Kg1 Re2 42.Qf1 Qg4 43.Rf3 R2e3
44.Rf2 Rxg3+ 45.Rg2 Rxg2+ 46.Qxg2 Qxf4  0-1

[Event "Malta ol (Men)"]
[Site "La Valetta"]
[Date "1980.??.??"]
[Round "?"]
[White "Tawbeh, Muneer"]
[Black "Mirza, Shahzad"]
[Result "0-1"]
[WhiteElo "2200"]
[BlackElo "2200"]

1.e4 c5 2.Nf3 e6 3.d4 cxd4 4.Nxd4 Nc6 5.Nb5 d6 6.Bf4 e5 7.Be3 a6 8.N5a3 b5
9.c3 Be7 10.Be2 Nf6 11.Nd2 O-O 12.O-O d5 13.exd5 Nxd5 14.Nc2 f5 15.Nb3 Be6
16.Bc5 Nf4 17.Re1 Bxb3 18.Qxd8 Raxd8 19.Bxe7 Bxc2 20.Bxf8 Kxf8 21.Bf1 e4
22.b3 Ne5 23.Rec1 Rd2 24.h3 Ned3 25.Bxd3 Nxd3 26.Rf1 Ke7 27.a4 b4 28.cxb4 Nxb4
29.Rfe1 Nd3 30.Re3 a5 31.f3 Nf4 32.Ra2 Nd5 33.Re1 e3 34.g3 e2 35.Kf2 Nb4
36.Rxc2 Nxc2  0-1

[Event "Malta ol (Men)"]
[Site "La Valetta"]
[Date "1980.??.??"]
[Round "?"]
[White "Tawbeh, Muneer"]
[Black "Zichichi, Alvise"]
[Result "0-1"]
[WhiteElo "2200"]
[BlackElo "2395"]

1.e4 c5 2.Nf3 e6 3.d4 cxd4 4.Nxd4 Nc6 5.Nb5 d6 6.Bf4 e5 7.Be3 a6 8.N5a3 Nf6
9.Bg5 b5 10.Nd2 Be7 11.Bd3 Be6 12.O-O O-O 13.Kh1 h6 14.Bh4 d5 15.Bxf6 Bxf6
16.exd5 Bxd5 17.Be4 Be7 18.Nab1 Bxe4 19.Nxe4 f5 20.Nec3 Qxd1 21.Rxd1 Bc5
22.Kg1 Nd4 23.Rd2 Rfd8 24.Kf1 Be7 25.f4 exf4 26.Ne2 Ne6 27.Ke1 Bh4+ 28.g3 fxg3
29.hxg3 Bg5 30.Rxd8+ Rxd8 31.Nbc3 Bd2+ 32.Kf1 Bxc3 33.bxc3 f4 34.gxf4 Nxf4
35.Nd4  0-1

[Event "DSV-Turnier"]
[Site "Leipzig"]
[Date "1980.??.??"]
[Round "11"]
[White "Luczak, Andrzej"]
[Black "Vilela, Jose Luis"]
[Result "1/2-1/2"]
[WhiteElo "2430"]
[BlackElo "2410"]

1.e4 c5 2.Nf3 e6 3.d4 cxd4 4.Nxd4 Nc6 5.Nb5 d6 6.Bf4 e5 7.Be3 Nf6 8.Bg5 Be6
9.Nd2 a6 10.Nc3 Rc8 11.Nd5 Be7 12.Bxf6 Bxf6 13.Nc4 O-O 14.c3 Ne7 15.Nxf6+ gxf6
16.Ne3 Qb6 17.Qc2 d5 18.exd5 Nxd5 19.Nxd5 Bxd5 20.Bd3 e4 21.Be2 f5 22.O-O Qe6
23.Qd2 Bxa2 24.Rxa2 Qxa2 25.Qg5+ Kh8 26.Qf6+ Kg8 27.Qg5+  1/2-1/2

[Event "Makarczyk mem"]
[Site "Lodz"]
[Date "1980.??.??"]
[Round "1"]
[White "Kojder, Konrad"]
[Black "Kirov, Nino"]
[Result "1-0"]
[WhiteElo "2430"]
[BlackElo "2455"]

1.e4 c5 2.Nf3 Nc6 3.d4 cxd4 4.Nxd4 e6 5.Nb5 d6 6.c4 Nf6 7.N1c3 a6 8.Na3 Be7
9.Be2 O-O 10.O-O b6 11.Be3 Bb7 12.Qb3 Nd7 13.Rac1 Nc5 14.Qc2 Bf6 15.Nab1 Qe7
16.Rfd1 Nb4 17.Qd2 Rad8 18.f4 g6 19.Qe1 a5 20.a3 Nba6 21.Bf3 Bg7 22.Qe2 Bc6
23.Nd2 a4 24.e5 Bxf3 25.Nxf3 Nb3 26.Rb1 Nac5 27.Qc2 dxe5 28.fxe5 Qa7 29.Bg5 Rd7
30.Nb5 Qb8 31.Rxd7 Nxd7 32.Be7 Nxe5 33.Bxf8 Nxf3+ 34.gxf3 Bxf8 35.Rd1 Bc5+
36.Kh1 Qf4 37.Qe4 Qf6 38.Qe2 h5 39.Nc3 Qf4 40.Qe4 Kg7  1-0

[Event "New York MCC"]
[Site "New York"]
[Date "1980.??.??"]
[Round "5"]
[White "Coudari, Camille"]
[Black "Zapata, Alonso"]
[Result "0-1"]
[WhiteElo "2325"]
[BlackElo "2410"]

1.e4 c5 2.Nf3 Nc6 3.d4 cxd4 4.Nxd4 e6 5.Nb5 d6 6.c4 a6 7.N5c3 Nf6 8.Be2 Be7
9.O-O O-O 10.Na3 b6 11.Be3 Bb7 12.Rc1 Ra7 13.Nc2 Ba8 14.f4 Qb8 15.a3 Rc7
16.b4 Na7 17.Qd4 b5 18.cxb5 Nxb5 19.Nxb5 axb5 20.e5 Nd5 21.Bd2 Rd8 22.Qf2 Nc3
23.Bd3 Ne4 24.Bxe4 Bxe4 25.Ne1 dxe5 26.fxe5 Bg6 27.Nf3 Ra7 28.Rc3 Qa8 29.Nd4 Rxa3
30.Nc6 Re8 31.Nxe7+ Rxe7 32.Rxa3 Qxa3 33.Be3 Rd7 34.Qf4 Rd5 35.Bc5 h6 36.Rc1 Qb2
37.Re1 Qc3 38.Qe3 Rd3 39.Qc1 Qb3 40.Qf4 Qd5 41.h3 Bf5 42.Re3 Rd1+ 43.Kh2 Rd2
44.Rf3 Re2 45.Be3 Kh7 46.Rf2 Re1 47.Rd2 Qb3 48.Bc5 Qb1 49.Rf2 Re4 50.Qg3 Qa1
51.Bd6 Re1 52.Qf3 Rh1+ 53.Kg3 Qg1  0-1

[Event "New York Inv"]
[Site "New York"]
[Date "1980.??.??"]
[Round "11"]
[White "Mednis, Edmar John"]
[Black "Ermenkov, Evgenij"]
[Result "1-0"]
[WhiteElo "2485"]
[BlackElo "2495"]

1.e4 c5 2.Nf3 Nc6 3.d4 cxd4 4.Nxd4 e6 5.Nb5 d6 6.c4 Nf6 7.N1c3 a6 8.Na3 Be7
9.Be2 b6 10.O-O Bb7 11.Be3 Ne5 12.f4 Ned7 13.Bf3 Qc7 14.Qe2 Rb8 15.Rac1 h6
16.Kh1 g5 17.Bh5 gxf4 18.Bxf4 Ne5 19.Nd5 exd5 20.cxd5 Qd8 21.Bxe5 dxe5 22.Nc4 O-O
23.Nxe5 Rc8 24.Rcd1 Qc7 25.d6 Bxd6 26.Rxf6 Bxe5 27.Qg4+ Kh7 28.Bxf7 Qxf7
29.Qf5+ Kg8 30.Rxf7 Rxf7 31.Qxe5 Bc6 32.Qe6 Rf8 33.h3  1-0

[Event "SWE-ch"]
[Site "?"]
[Date "1980.??.??"]
[Round "?"]
[White "Ernst, Thomas"]
[Black "Bergstrom, Christer"]
[Result "0-1"]
[WhiteElo "2200"]
[BlackElo "2285"]

1.e4 c5 2.Nf3 Nc6 3.d4 cxd4 4.Nxd4 e6 5.Nb5 d6 6.c4 Nf6 7.N1c3 a6 8.Na3 Be7
9.Be2 O-O 10.O-O b6 11.Nc2 Bb7 12.Ne3 Qc7 13.Qd2 Rad8 14.Rd1 Ne5 15.f3 Rfe8
16.Kh1 h6 17.b3 Rd7 18.Bb2 Red8 19.Rac1 Qb8 20.Qe1 Ng6 21.Bf1 Nh5 22.g3 Nf6
23.Bg2 Rc7 24.Qe2 Ne5 25.Nc2 Rdc8 26.f4 Ned7 27.Nd4 Qa8 28.f5 e5 29.Nc2 b5
30.Nd5 Nxd5 31.cxd5 Bg5 32.Ne3 Qa7 33.Rxc7 Rxc7 34.Nf1 b4 35.h4 Bd8 36.Ne3 a5
37.Bf1 Nc5 38.Ng4 Ba6 39.Qf3 Nd7 40.Bc1 Bxf1 41.Rxf1 Rc3 42.Qe2 h5 43.Nf2 Rxg3
44.Qxh5 Nf6 45.Qe2 Bb6 46.Bg5 Bxf2 47.Bxf6 Be3 48.Bg5 Qd4 49.Qc2 Bxg5 50.hxg5 Qe3
51.Qc8+ Kh7 52.g6+ fxg6 53.fxg6+ Rxg6 54.Qf5 Qh6+  0-1

[Event "Bergsjo"]
[Site "Bergsjo"]
[Date "1981.??.??"]
[Round "?"]
[White "Cramling, Pia"]
[Black "Akesson, Ralf"]
[Result "1-0"]
[WhiteElo "2200"]
[BlackElo "2305"]

1.e4 c5 2.Nf3 e6 3.d4 cxd4 4.Nxd4 Nc6 5.Nb5 d6 6.c4 Nf6 7.N1c3 a6 8.Na3 Be7
9.Be2 O-O 10.O-O b6 11.Be3 Bb7 12.Qb3 Nd7 13.Rfd1 Qc7 14.Rac1 Nc5 15.Qc2 Rac8
16.Qb1 Ne5 17.b4 Ncd7 18.Qb3 Nf6 19.f3 Qb8 20.Kh1 Rfe8 21.Qb2 Ba8 22.Bg1 h6
23.Bf1 Nh5 24.Na4 Nd7 25.Qd4 a5 26.Nb5 axb4 27.Nxd6 Rcd8 28.e5 Bxd6 29.exd6 e5
30.Qb2 e4 31.fxe4 Bxe4 32.Qxb4 Nf4 33.c5 Qa8 34.c6 b5 35.Nc3 Qxc6 36.Nxe4 Qxe4
37.Rd4  1-0

[Event "Elekes mem-B"]
[Site "Budapest"]
[Date "1981.??.??"]
[Round "?"]
[White "Szalanczy, Emil"]
[Black "Varnusz, Egon"]
[Result "1/2-1/2"]
[WhiteElo "2340"]
[BlackElo "2395"]

1.e4 c5 2.Nf3 e6 3.d4 cxd4 4.Nxd4 Nc6 5.Nb5 d6 6.Bf4 e5 7.Be3 Nf6 8.N1c3 a6
9.Na3 b5 10.Nd5 Rb8 11.g3 Nxd5 12.exd5 Ne7 13.c4 b4 14.Nc2 Nf5 15.Bd2 a5
16.Bg2 Be7 17.O-O O-O 18.b3 Bd7 19.Re1 Qb6 20.a3 Qc5 21.axb4 axb4 22.Ra2 Rb7
23.Re4 Bf6 24.Ne1 Rfb8 25.Nd3 Qc7 26.Re1 g6 27.Kh1 Kg7 28.Ra6 Nd4 29.f4 exf4
30.Bxf4 Rb6 31.Rxb6 Qxb6 32.c5 dxc5 33.Bxb8 Qxb8 34.Nxc5 Bf5 35.g4 Bc2 36.Qd2 Qb5
37.Ne6+ Nxe6 38.dxe6 Bxb3 39.g5 Bc3 40.Qd8 Bxe6 41.Rxe6 fxe6 42.Qe7+ Kg8
43.Qxe6+ Kf8 44.Qd6+ Kg7 45.Qe7+ Kg8 46.Qd8+  1/2-1/2

[Event "Budva zt"]
[Site "Budva"]
[Date "1981.??.??"]
[Round "12"]
[White "Avgousti, Petrakis"]
[Black "Santos, Jose P"]
[Result "0-1"]
[WhiteElo "2200"]
[BlackElo "2315"]

1.e4 c5 2.Nf3 Nc6 3.d4 cxd4 4.Nxd4 e6 5.Nb5 d6 6.Bf4 e5 7.Be3 Nf6 8.Bg5 Be6
9.c4 Qa5+ 10.Qd2 Nxe4 11.Qxa5 Nxa5 12.Bd2 Nxd2 13.Nxd2 Kd7 14.Be2 a6 15.Nc3 Rc8
16.Nd5 Ke8 17.b3 Nc6 18.Ne3 f5 19.g3 Be7 20.Rd1 Bg5 21.Nf3 Bxe3 22.fxe3 Ke7
23.O-O g6 24.Rd2 Rhd8 25.Rfd1 Rc7 26.h3 Rcd7 27.g4 Kf6 28.gxf5 gxf5 29.Rf1 d5
30.cxd5 Rxd5 31.Rxd5 Bxd5 32.Nh4 Ne7 33.Bg4 Be4 34.Nxf5 Nxf5 35.Bxf5 Bxf5
36.e4 Rg8+ 37.Kh2 Rg5 38.h4 Rh5 39.Kg3 Ke6 40.exf5+ Rxf5 41.Rc1 Rf7 42.b4 Kd5
43.Rc8 e4  0-1

[Event "Caorle op"]
[Site "Caorle"]
[Date "1981.??.??"]
[Round "6"]
[White "Kovacevic, Slobodan"]
[Black "Billio, Atto"]
[Result "1-0"]
[WhiteElo "2310"]
[BlackElo "2095"]

1.e4 c5 2.Nf3 e6 3.d4 cxd4 4.Nxd4 Nc6 5.Nb5 d6 6.c4 Nf6 7.N1c3 a6 8.Na3 Be7
9.Be2 O-O 10.O-O b6 11.Be3 Bb7 12.Qb3 Nd7 13.Rfd1 Rb8 14.Rac1 Nc5 15.Qc2 Qc7
16.Qb1 Nb4 17.Bf4 f5 18.exf5 Rxf5 19.Be3 Qc6 20.f3 Re5 21.Bd4 Rh5 22.Nc2 Nxc2
23.Rxc2 Nd7 24.Ne4 Rc8 25.Rc3 Qc7 26.Ng3 Rh4 27.Bf2 Ne5 28.Rdc1 Qc6 29.Ne4 Rh6
30.Bg3 Qe8 31.Rd1  1-0

[Event "Gausdal Int"]
[Site "Gausdal"]
[Date "1981.??.??"]
[Round "3"]
[White "Plaskett, Jim"]
[Black "Ogaard, Leif"]
[Result "0-1"]
[WhiteElo "2405"]
[BlackElo "2470"]

1.e4 c5 2.Nf3 e6 3.d4 cxd4 4.Nxd4 Nc6 5.Nb5 d6 6.c4 Nf6 7.N1c3 a6 8.Na3 Be7
9.Be2 O-O 10.O-O Qa5 11.Be3 Rd8 12.Qe1 Bd7 13.f4 Be8 14.Qf2 Nd7 15.Rac1 Nc5
16.Rfd1 Rab8 17.Rd2 Nb4 18.Nab1 Nc6 19.a3 Qc7 20.Bd1 Na5 21.b4 Ncb3 22.Bb6 Qxc4
23.Rcc2 Nxd2 24.Nxd2 Qd3 25.bxa5 Bf6 26.Bxd8 Bd4 27.Bb6 Bxf2+ 28.Kxf2 Rc8
29.Ndb1 Bb5 30.Rd2 Qf1+ 31.Ke3 Qe1+ 32.Be2 Bxe2 33.Rxe2 Rxc3+ 34.Nxc3 Qxc3+
35.Kf2 h5 36.Re3 Qd2+ 37.Kf3 d5 38.exd5 exd5 39.Re8+ Kh7 40.Re5 Qd1+ 41.Kf2 f6
42.Re2 d4 43.Ra2 Qc1 44.Re2 Qxf4+  0-1

[Event "BL2-N"]
[Site "Germany"]
[Date "1981.??.??"]
[Round "?"]
[White "Breyther, Ruediger"]
[Black "Liersch, Andreas"]
[Result "1-0"]
[WhiteElo "2240"]
[BlackElo "2265"]

1.e4 c5 2.Nf3 e6 3.d4 cxd4 4.Nxd4 Nc6 5.Nb5 d6 6.c4 a6 7.N5c3 Be7 8.Be2 Bf6
9.O-O Nge7 10.Be3 b6 11.Qd2 Bb7 12.Rd1 Nc8 13.Na3 O-O 14.Rac1 Qc7 15.Nc2 Rd8
16.b4 Ne5 17.Nd4 Qe7 18.a3 Nc6 19.Nc2 Qc7 20.f4 Qb8 21.Bf3 Ra7 22.Nd4 N8e7
23.Nxc6 Bxc6 24.e5 Bxf3 25.exf6 Bxd1 26.fxe7 Rxe7 27.Rxd1 Rc7 28.Qd3 Rcc8
29.Ne4 d5 30.Ng5 g6 31.Qc3 e5 32.fxe5 Rxc4 33.Qb2 Qc7 34.e6 fxe6 35.Qf6 Re8
36.Rf1 e5 37.Bxb6 Qd7 38.Nf7 Rf4 39.Nh6+  1-0

[Event "Helsinki"]
[Site "Helsinki"]
[Date "1981.??.??"]
[Round "1"]
[White "Matulovic, Milan"]
[Black "Schmidt, Wlodzimierz"]
[Result "1-0"]
[WhiteElo "2490"]
[BlackElo "2495"]

1.e4 c5 2.Nf3 e6 3.d4 cxd4 4.Nxd4 Nc6 5.Nb5 d6 6.c4 Nf6 7.N1c3 a6 8.Na3 Be7
9.Be2 O-O 10.O-O b6 11.Be3 Bd7 12.f4 Qb8 13.Bf3 Ra7 14.Qe2 Rc8 15.Rfd1 Be8
16.Rac1 Rac7 17.Qf2 Nd7 18.Be2 Rb7 19.Kh1 Bf6 20.Nab1 b5 21.cxb5 axb5 22.b3 Be7
23.Qf1 b4 24.Na4 Nf6 25.Ba6 Nxe4 26.f5 Nf6 27.fxe6 fxe6 28.Bg5 Rbc7 29.Bxc8 Rxc8
30.Qa6 d5 31.Bxf6 Bxf6 32.Nc5 e5 33.Rxd5 Nd4 34.Qf1 Qa8 35.Rd6 Be7 36.Ra6 Qd5
37.Na4 Rxc1 38.Qxc1 Bb5 39.Ra7 Nc6 40.Ra8+ Kf7 41.Nb6 Qd4 42.Nc4 Bg5 43.Nbd2 e4
44.Qf1+ Kg6 45.Qe1 Bxc4 46.Nxc4 Bh4 47.Qb1 Bf6 48.Ra6 Qd5 49.Ne3 Qd4 50.Nc4 Qd5
51.h3 h5 52.Ne3 Qd4 53.Nc4 Qd5 54.Qc2 Nd4 55.Qd2 Qc5 56.Qe3  1-0

[Event "POL-chT"]
[Site "Lubniewice"]
[Date "1981.??.??"]
[Round "2"]
[White "Zielinski, Marek"]
[Black "Staniszewski, Piotr"]
[Result "0-1"]
[WhiteElo "2200"]
[BlackElo "2200"]

1.e4 c5 2.Nf3 e6 3.d4 cxd4 4.Nxd4 Nc6 5.Nb5 d6 6.c4 Nf6 7.N1c3 a6 8.Na3 Be7
9.Be2 O-O 10.O-O b6 11.Be3 Ne5 12.f3 Bb7 13.Qe1 Rc8 14.Qf2 Ned7 15.Rfd1 Qc7
16.Rac1 Rfe8 17.Bf1 Bf8 18.Kh1 Red8 19.Nab1 Ba8 20.Rc2 Qb8 21.Rcd2 Bc6 22.Bf4 Ne5
23.c5 b5 24.cxd6 Rxd6 25.Bxe5 Rxd2 26.Qg3 Nxe4 27.fxe4 Rxd1 28.Nxd1 Qb7 29.Nf2 Bxe4
30.Nc3 Bg6 31.a3 f6 32.Bd4 e5 33.Be3 Bc5 34.Bd2 Rd8 35.Bc1 Bxf2 36.Qxf2 Bd3
37.Qd2 Qd7 38.Bxd3 Qxd3 39.Qxd3 Rxd3 40.Kg1 Kf7 41.Kf2 f5 42.Ke2 Rd4 43.Nd1 f4
44.Bd2 Ke6 45.Nf2 g5 46.Bc3 Rc4 47.Kf3 h5 48.h3 Kd5 49.Ke2 e4 50.Kd1 e3 51.Nd3 Ke4
52.Ke2 g4 53.hxg4 hxg4 54.Ne1 Rc7 55.Bf6 Rf7 56.Bg5 f3+  0-1

[Event "Moscow-4teams"]
[Site "Moscow"]
[Date "1981.??.??"]
[Round "?"]
[White "Karpov, Anatoly"]
[Black "Romanishin, Oleg M"]
[Result "1-0"]
[WhiteElo "2690"]
[BlackElo "2585"]

1.e4 c5 2.Nf3 e6 3.d4 cxd4 4.Nxd4 Nc6 5.Nb5 d6 6.c4 Nf6 7.N1c3 a6 8.Na3 Be7
9.Be2 O-O 10.O-O b6 11.Be3 Bb7 12.Qb3 Nd7 13.Rfd1 Re8 14.Rac1 Bf8 15.Bf1 Rc8
16.Qc2 Nce5 17.h3 Qc7 18.f3 Nf6 19.Qf2 Ned7 20.Nc2 d5 21.cxd5 exd5 22.exd5 Bd6
23.Nd4 Bg3 24.Qd2 Qe5 25.Nde2 Bh2+ 26.Kh1 b5 27.Bd4 Qd6 28.f4 Ng4 29.Qd3 Bxf4
30.Nxf4 Qxf4 31.hxg4 b4 32.Ne2 Qxg4 33.Rxc8 Rxc8  1-0

[Event "Nis"]
[Site "Nis"]
[Date "1981.??.??"]
[Round "3"]
[White "Matulovic, Milan"]
[Black "Tosic, Miroslav"]
[Result "1/2-1/2"]
[WhiteElo "2495"]
[BlackElo "2200"]

1.e4 c5 2.Nf3 e6 3.d4 cxd4 4.Nxd4 Nc6 5.Nb5 d6 6.c4 Nf6 7.N1c3 a6 8.Na3 Be7
9.Be2 O-O 10.O-O b6 11.Be3 Bb7 12.f3 Re8 13.Qb3 Nd7 14.Rfd1 Nc5 15.Qc2 Qc7
16.Bf1 Rad8 17.Qf2 Bf6 18.Rac1 Be5 19.Kh1 Nb4 20.Nab1 d5 21.exd5 exd5 22.cxd5 Bxh2
23.f4 Rxe3 24.d6 Rh3 25.dxc7 Bg3+ 26.Kg1 Bh2+ 27.Kh1 Bg3+ 28.Kg1 Bh2+ 29.Kh1  1/2-1/2

[Event "Nis"]
[Site "Nis"]
[Date "1981.??.??"]
[Round "9"]
[White "Tosic, Miroslav"]
[Black "Krnic, Zdenko"]
[Result "1-0"]
[WhiteElo "2200"]
[BlackElo "2430"]

1.e4 c5 2.Nf3 Nc6 3.d4 cxd4 4.Nxd4 e6 5.Nb5 d6 6.c4 a6 7.N5c3 Nf6 8.Na3 Be7
9.Be2 O-O 10.O-O Bd7 11.Be3 Qa5 12.Qb3 Rab8 13.Bb6 Qb4 14.Nc2 Qxb3 15.axb3 Rfc8
16.Rfd1 Be8 17.f4 Nd7 18.Be3 a5 19.Nb5 Nc5 20.Bxc5 dxc5 21.e5 Rd8 22.Nc7 Bd7
23.Bf3 f6 24.Bg4 Bc8 25.exf6 Bxf6 26.Bxe6+ Bxe6 27.Nxe6 Rxd1+ 28.Rxd1 b6
29.Rd6 Ne7 30.Ne3 Bxb2 31.g4 Ng6 32.Nd5 Nf8 33.f5 Kf7 34.g5 Nxe6 35.fxe6+ Ke8
36.Nc7+ Kf8 37.Rd7 Re8 38.Rf7+  1-0